Arte en Segovia (Record no. 138588)

MARC details
000 -LEADER
campo de control de longitud fija 00772nam a2200205 4500
001 - NÚMERO DE CONTROL
campo de control 138588
003 - IDENTIFICADOR DE NÚMERO DE CONTROL
campo de control ES-MaACL
005 - FECHA Y HORA DE LA ÚLTIMA TRANSACCIÓN
campo de control 20230906195609.0
007 - CAMPO FIJO DE DESCRIPCIÓN FÍSICA--INFORMACIÓN GENERAL
campo de control de longitud fija t|
008 - DATOS DE LONGITUD FIJA--INFORMACIÓN GENERAL
campo de control de longitud fija 070214s1985 sp r ||||1| spa d
100 1# - ENTRADA PRINCIPAL--NOMBRE DE PERSONA
Nombre de persona Santamaría, Juan Manuel.
9 (RLIN) 103288
245 10 - MENCIÓN DEL TÍTULO
Título Arte en Segovia
Resto del título : siglo XX /
Mención de responsabilidad, etc. Juan Manuel Santamaría.
260 ## - PUBLICACIÓN, DISTRIBUCIÓN, ETC.
Lugar de publicación, distribución, etc. Segovia :
Nombre del editor, distribuidor, etc. Caja de Ahorros y Monte de Piedad, Obra Cultural,
Fecha de publicación, distribución, etc. 1985.
300 ## - DESCRIPCIÓN FÍSICA
Extensión 256 p. :
Otras características físicas il. ;
Dimensiones 22 cm.
490 1# - MENCIÓN DE SERIE
Mención de serie Publicaciones de la Caja de Ahorros y Monte de Piedad de Segovia ;
Designación de volumen o secuencia 106
710 2# - ENTRADA AGREGADA--NOMBRE DE ENTIDAD CORPORATIVA
Nombre de entidad corporativa o nombre de jurisdicción como elemento de entrada Caja de Ahorros y Monte de Piedad de Segovia.
9 (RLIN) 2324
830 0# - PUNTO DE ACCESO ADICIONAL DE SERIE-TÍTULO UNIFORME
Título uniforme Publicaciones de la Caja de Ahorros y Monte de Piedad de Segovia ;
Designación de volumen o secuencia 106
9 (RLIN) 220170
852 ## - LOCALIZACIÓN
Ubicación ES-MaACL
Número de control de estantería L-11182
Sublocalización o colección R.112937
Holdings
Estatus retirado Estado de pérdida Estado de daño No para préstamo Biblioteca de origen Biblioteca actual Ubicación en estantería Fecha de adquisición Fuente de adquisición Total de préstamos Signatura topográfica completa Código de barras Visto por última vez Precio de reemplazo Tipo de ítem Koha
        Biblioteca del Ateneo de Madrid Biblioteca del Ateneo de Madrid Depósito 2 17/01/2008     L-11182 1144215 23/02/2023 23/02/2023 Libro impreso